000 01762cam a22004214i 4500
003 PE-LiUPU
005 20251023083314.0
008 140714s2012 mx ado g 1 spa d
020 _a9786071713087
035 _a(Sirsi) i9786071713087
040 _aPE-LiUPU
_bspa
_cPE-LiUPU
_erda
049 _aPRUA
082 0 4 _a721
_bM28
100 1 _aMateu Poch, Luis,
_eautor.
245 1 3 _aLa expresión de la arquitectura /
_cLuis Mateu Poch.
250 _aPrimera edición.
264 1 _aMéxico :
_bTrillas,
_c2012.
300 _a115 páginas :
_bilustraciones ;
_c27 centímetros
336 _atext
_2rdacontent
337 _aunmediated
_2rdamedia
338 _avolume
_2rdacarrier
504 _aIncluye bibliografía.
505 0 _aEl método, los conceptos básicos de la arquitectura -- La evolución del lenguaje de la arquitectura -- La expresión -- Los estilos -- La expresión del movimiento moderno -- La arquitectura clásica -- La función -- La fachada de la Basílica de San Pedro.
526 _aP158
526 _aP146
526 _aP17
526 _aP12
526 _aP06
650 1 4 _aArquitectura
_xDiseños y planos.
_95295
650 1 0 _aMateriales de construcción.
_943
910 _agl
_clch
_d20131217
942 _2ddc
_cBOOK
949 _a721 M28
_wDEWEY
_c1
_i69752
_d2016-8-12
_e2016-8-10
_lCCODEBUL1
_mBUL
_n3
_p21.00
_r0
_sY
_tBOOK
_u2015-7-6
_xINGENIERIA
_PP06
_0COMPRA
_o.STAFF. Colección General
994 _aC0
_bPEPRU
596 _a1
999 _a721 M28
_wDEWEY
_c6118
_i69752
_d6118
_e2018-3-27
_f2021-11-9
_g7
_lCCODEBUL1
_mBUL
_n5
_p21.00
_q1
_r0
_sY
_tBOOK
_u2015-7-6
_xINGENIERIA
_PP06
_0COMPRA
_o.STAFF. Colección General
980 _818226
_gJaime Vilcazán Jefe de Análisis Documental